Un milagro para Lorenzo

Lorenzo's Oil es una película estadounidense de octubre de 1992. Su argumento habla de la tenacidad de un matrimonio de inmigrantes italianos por derrotar la enfermedad de su hijo Lorenzo Murphy Odone; la Adreno-Leuco-Distrofia hasta ese momento casi desconocida por la comunidad médica a nivel...

Descripción completa

Guardado en:
Autor Principal: Miller, George.
Autor Corporativo: Universal Pictures.
Otros Autores: Nolte, Nick; Reparto., Sarandon, Susan; Reparto., Ustinov, Peter; Reparto., Bamman, Gerry; Reparto., Martindale, Margo; Reparto.
Formato: Deslizar
Idioma:Undetermined
Publicado: Estados Unidos : Universal Pictures, 1992.
Materias:
Etiquetas: Agregar Etiqueta
Sin Etiquetas, Sea el primero en etiquetar este registro!
LEADER 01622ngm a22002655a 4500
001 CEM.cems020449
008 230914s1992####xx#---############vlund#d
005 20230914210230.0
245 1 0 |a Un milagro para Lorenzo  |h [videograbación] /  |c George Miller. 
260 |a Estados Unidos :  |b Universal Pictures,  |c 1992. 
300 |a 130'. 
520 |a Lorenzo's Oil es una película estadounidense de octubre de 1992. Su argumento habla de la tenacidad de un matrimonio de inmigrantes italianos por derrotar la enfermedad de su hijo Lorenzo Murphy Odone; la Adreno-Leuco-Distrofia hasta ese momento casi desconocida por la comunidad médica a nivel mundial, la cual es solo transmitida de la madre al hijo varón y se manifiesta en los primero años de vida de éste. Ignorados por la comunidad médica y negándose a aceptar el diagnóstico de que su hijo Lorenzo moriría irremediablemente en unos años, Augusto y Michaela Odone cuestionarán los tratamientos oficiales y buscarán por su propia cuenta algún remedio que pueda salvar la vida de su hijo. 
590 |a Identificación anterior: 157 
538 |a Soporte: DVD -- Formato: AVI – Peso: 0.98gb -- Resolución: 720 x 398 -- 29.97 fps 
500 |a Doblada al español. 
100 1 |a Miller, George. 
700 1 |a Nolte, Nick; Reparto. 
700 1 |a Sarandon, Susan; Reparto. 
700 1 |a Ustinov, Peter; Reparto. 
700 1 |a Bamman, Gerry; Reparto. 
700 1 |a Martindale, Margo; Reparto. 
710 2 |a Universal Pictures. 
653 |a LARGOMETRAJE 
653 |a FICCIÓN 
859 |a CEMS  |b BIB. CEMS - Depto. Recursos Didacticos  |h 778.5  |i MIL-1  |k DRD  |p 3111.23  |t Ej.1